000
00345 a2200157 4500
001
160181
020
_a
85-85490-13-6
040
_c
Magnum
100
_a
Macfarlane, Aidan
240
1
0
_a
O diário de Susie
_l
por
245
1
0
_a
O diário de Susie
300
_a
170
362
0
_a
1994
697
_a
LITERATURA JUVENIL ESTRANGEIRA
942
_c
BK
999
_c
160181
_d
160181